Madre María de la Pasión y Las Franciscanas Misioneras de María
محفوظ في:
| المؤلف الرئيسي: | |
|---|---|
| التنسيق: | كتاب |
| اللغة: | الإسبانية |
| منشور في: |
Buenos Aires
Pax et Bonum
1946
|
| الموضوعات: | |
| الوسوم: |
إضافة وسم
لا توجد وسوم, كن أول من يضع وسما على هذه التسجيلة!
|
MARC
| LEADER | 00000nam a2200000 a 4500 | ||
|---|---|---|---|
| 001 | UCI4583 | ||
| 003 | CL-VaPUC | ||
| 008 | 080125e19460000AG |||||||||||||||||spa|d | ||
| 082 | 0 | 4 | |a 922.2 |b GOY |2 21 |
| 100 | |a Goyau, Jorge |e author |9 526552 | ||
| 245 | 1 | 0 | |a Madre María de la Pasión y Las Franciscanas Misioneras de María |
| 300 | |a 400 p | ||
| 942 | |c BK | ||
| 945 | |d 20080125 00:00:00 |a rbrito | ||
| 260 | |a Buenos Aires |b Pax et Bonum |c 1946 | ||
| 500 | |a Donación Padres Capuchinos | ||
| 600 | 0 | 7 | |a MARIA DE LA PASION |2 CL-VaPUC |9 526553 |
| 600 | 0 | 7 | |a FRANCISCANAS MISIONERAS DE MARIA |2 CL-VaPUC |9 526554 |
| 650 | 0 | |a Biografías |9 255210 | |
| 650 | 0 | |a Vida religiosa |9 257284 | |
| 650 | 7 | |a ORDEN RELIGIOSA |2 CL-VaPUC |9 526555 | |
| 650 | 7 | |a MISIONERAS |2 CL-VaPUC |9 474865 | |
| 583 | |a last modification |c 20080125 00:00:00 |k Rodrigo Vera | ||
| 999 | |c 328487 |d 328485 | ||
| 952 | |0 0 |1 0 |4 0 |6 922_200000000000000_GOY_1946 |7 0 |8 X |9 412412 |a FDOBUD |b FDOBUD |d 2019-11-22 |i 4404955 |o 922.2 GOY 1946 |p 4404955 |r 2019-11-22 |w 2019-11-22 |y BK_X |k BUD | ||